Serie A - le quiz - Statistiques

Statistiques générales
  • Ce quiz a été pris 358 fois
  • Le résultat moyen est 14 sur 20
Statistiques - réponses
Question Réponse % Correct
Quelle équipe a remporté le plus de championnats ? Juventus
99%
Combien d’équipes composent la Serie A ? 20
98%
Combien d’étoiles porte cette équipe sur son maillot ? 3
97%
Quelle icône argentine a évolué au Napoli dans les années 80 ? Diego Maradona
97%
De quelle équipe Francesco Totti est une véritable légende ? AS Roma
92%
Quel club de Serie A joue en violet ? Fiorentina
91%
De quel club Ciro Immobile a-t-il marqué l’histoire ? Lazio Rome
87%
Quel joueur scandinave à fort caractère a évolué à la Juve, à l’Inter et au Milan AC ? Zlatan Ibrahimović
81%
A son âge d’or, quel club a vu évolué dans ses rangs Gianluigi Buffon, Lilian Thuram ou encore Hernán Crespo ? Parme AC
80%
Dans quelle ville se trouve le club de la Sampdoria ? Gênes
66%
Sur quelle île se trouve le club du Cagliari Calcio ? Sardaigne
66%
Quel triple ballon d’or a évolué au Milan AC durant la même période ? Marco Van Basten
64%
Quel champion du monde 2006 a également joué dans les trois clubs ? Andrea Pirlo
62%
Comment s’appelle le trophée de la Serie A ? Scudetto
61%
D’ailleurs quel joueur originaire d’Europe de l’Est est le joueur le plus capé de l’histoire du Napoli ? Marek Hamsik
54%
Dans quel stade cette équipe joue t’elle ? Stadio Olimpico
50%
Quelle équipe est réputée pour porter de magnifique maillots, fabriqués par Kappa ? Venise FC
45%
Comment se nomme le derby entre l’AC Milan et l’Inter Milan : derby della … Madonnina
44%
Quel nom porte le scandale sportif qu’a connu la Serie A en 2006 voyant la Juve rétrogradée en Serie B ? Calciopoli
27%
Quel célèbre coach a marqué l’histoire du Milan AC en ayant tout remporté avec le club autour de 1990 ? Arrigo Sacchi
25%
Aucun quiz correspondant
Distribution des résultats
% des personnes avec chaque résultat
Percentile par nombre de réponses
Votre historique - résultats
Vous n’avez pas pris ce quiz